000
00349nam a2200145Ia 4500
008
240624s9999 xx 000 0 und d
041
_a
eng
082
_a
005.133 SCH
100
_a
SCHILDT HERBERT
245
_a
C THE COMPLETE REFERENCE
250
_a
(4th ed.)
260
_c
2004
_a
New Delhi
_b
Tata McGrawhill
300
_a
xxxii, : 1036
365
_c
RS
999
_c
104
_d
104